An Introduction to Nuclear Physics (Record no. 3591)

MARC details
000 -LEADER
fixed length control field 01401cam a2200325 a 4500
001 - CONTROL NUMBER
control field 12110454
003 - CONTROL NUMBER IDENTIFIER
control field OSt
005 - DATE AND TIME OF LATEST TRANSACTION
control field 20260410020004.0
008 - FIXED-LENGTH DATA ELEMENTS--GENERAL INFORMATION
fixed length control field 000718s2001 enka b 001 0 eng
010 ## - LIBRARY OF CONGRESS CONTROL NUMBER
LC control number 00059885
020 ## - INTERNATIONAL STANDARD BOOK NUMBER
International Standard Book Number 0521651492 (hbk.)
020 ## - INTERNATIONAL STANDARD BOOK NUMBER
International Standard Book Number 0521657334 (pbk.)
040 ## - CATALOGING SOURCE
Original cataloging agency DLC
Transcribing agency DLC
Modifying agency DLC
050 00 - LIBRARY OF CONGRESS CALL NUMBER
Classification number QC776
Item number .C63 2001
082 00 - DEWEY DECIMAL CLASSIFICATION NUMBER
Classification number 539.7COT 2001
100 1# - MAIN ENTRY--PERSONAL NAME
Personal name Cottingham, W. N.; Greenwood, D. A.
9 (RLIN) 8016
245 13 - TITLE STATEMENT
Title An Introduction to Nuclear Physics
250 ## - EDITION STATEMENT
Edition statement 2nd ed.
260 ## - PUBLICATION, DISTRIBUTION, ETC. (IMPRINT)
Name of publisher, distributor, etc. Cambridge University Press,
Date of publication, distribution, etc. 2001.
300 ## - PHYSICAL DESCRIPTION
Extent xv, 271 p. :
Other physical details ill. ;
Dimensions 24 cm.
504 ## - BIBLIOGRAPHY, ETC. NOTE
Bibliography, etc Includes bibliographical references (p. 245) and index.
650 #0 - SUBJECT ADDED ENTRY--TOPICAL TERM
Topical term or geographic name as entry element Nuclear physics.
9 (RLIN) 8014
856 41 - ELECTRONIC LOCATION AND ACCESS
Materials specified Sample text
Uniform Resource Identifier http://www.loc.gov/catdir/samples/cam031/00059885.html
856 42 - ELECTRONIC LOCATION AND ACCESS
Materials specified Publisher description
Uniform Resource Identifier http://www.loc.gov/catdir/description/cam021/00059885.html
856 41 - ELECTRONIC LOCATION AND ACCESS
Materials specified Table of contents
Uniform Resource Identifier http://www.loc.gov/catdir/toc/cam021/00059885.html
856 42 - ELECTRONIC LOCATION AND ACCESS
Materials specified Contributor biographical information
Uniform Resource Identifier http://www.loc.gov/catdir/enhancements/fy0731/00059885-b.html
906 ## - LOCAL DATA ELEMENT F, LDF (RLIN)
a 7
b cbc
c orignew
d 1
e ocip
f 20
g y-gencatlg
942 ## - ADDED ENTRY ELEMENTS (KOHA)
Source of classification or shelving scheme Dewey Decimal Classification
Koha item type Short Loan
Koha issues (borrowed), all copies 3
Holdings
Withdrawn status Lost status Source of classification or shelving scheme Damaged status Not for loan Home library Current library Date acquired Inventory number Total Checkouts Full call number Barcode Date last seen Price effective from Koha item type Source of acquisition Total Renewals Checked out Date last checked out
    Dewey Decimal Classification     MUST Main Library MUST Main Library 18/04/2016 2005/24893   539.7 COT 1986 2016-0959 18/04/2016 18/04/2016 Short Loan        
    Dewey Decimal Classification     MUST Main Library MUST Main Library 18/04/2016 2005/24894   539.7 COT 1986 2016-0960 18/04/2016 18/04/2016 Short Loan        
    Dewey Decimal Classification     MUST Main Library MUST Main Library 18/04/2016 2005/24895   539.7 COT 1986 2016-0961 18/04/2016 18/04/2016 Short Loan        
    Dewey Decimal Classification     MUST Main Library MUST Main Library 01/03/2017 06/28183   539.7 COT 1986 2017-0299 01/03/2017 01/03/2017 Open Shelf        
    Dewey Decimal Classification     MUST Main Library MUST Main Library 24/03/2017 06/28182   539.7COT 2001 2017-0586 24/03/2017 24/03/2017 Open Shelf        
    Dewey Decimal Classification     MUST Main Library MUST Main Library 24/03/2017 04/20831   539.7COT 2001 2017-0587 24/03/2017 24/03/2017 Open Shelf        
    Dewey Decimal Classification     MUST Main Library MUST Main Library 24/03/2017 04/22572   539.7COT 2001 2017-0588 24/03/2017 24/03/2017 Open Shelf        
    Dewey Decimal Classification     MUST Main Library MUST Main Library 24/03/2017 04/22571   539.7COT 2001 2017-0589 24/03/2017 24/03/2017 Open Shelf        
    Dewey Decimal Classification     MUST Main Library MUST Main Library 24/03/2017 05/24896   539.7COT 2001 2017-0590 24/03/2017 24/03/2017 Open Shelf        
    Dewey Decimal Classification     MUST Main Library MUST Main Library 24/03/2017 05/24898   539.7COT 2001 2017-0591 24/03/2017 24/03/2017 Open Shelf        
    Dewey Decimal Classification     MUST Main Library MUST Main Library 24/03/2017 05/24897 3 539.7COT 2001 2017-0592 09/04/2026 24/03/2017 Open Shelf   1 23/04/2026 09/04/2026
    Dewey Decimal Classification     MUST Main Library MUST Main Library 28/03/2017 04/22191   539.7COT 2001 2017-0660 28/03/2017 28/03/2017 Open Shelf        
    Dewey Decimal Classification     MUST Main Library MUST Main Library 12/04/2017 04/22573   539.7COT 2001 2017-0808 12/04/2017 12/04/2017 Open Shelf        
    Dewey Decimal Classification     MUST Main Library MUST Main Library 09/04/2021 04/22574   539.7COT 2001 2021-0390 09/04/2021 09/04/2021 Open Shelf Purchase      
    Dewey Decimal Classification     MUST Main Library MUST Main Library 09/04/2021 04/20832   539.7COT 2001 2021-0391 09/04/2021 09/04/2021 Open Shelf Purchase